00474nam a2200181Ia 4500003000400000005001700004008004100021040000700062041000800069082001600077100004600093245006600139260002000205300001400225365001200239650002300251650001800274OSt20250408104133.0210719s2008 xx 000 0 und d cal akan aK894.4 VISP aVISHAKHA (N)dವಿಶಾಖ (ಎನ್) afourth umpirebಫೋರ್ತ್ ಅಂಪೈರ್ aBengaluruc2008 ax,190bPB b100cRs aKannada literature aKannada Prose